[Event "2nd Turkish League 2017"]
[Site "Konya"]
[Date "2017.07.20"]
[Round "5"]
[White "Bolu, Yagmur"]
[Black "Koc, Aylin"]
[Result "1/2-1/2"]
[WhiteElo "1464"]
[BlackElo "1550"]
[Annotator "NA"]
[PlyCount "133"]
[EventType "team-tourn"]
[EventCountry "TUR"]
[SourceTitle "playchess.com"]
[Source "ChessBase"]
[SourceQuality "1"]
[TimeControl "5400+30"]

1. d4 {[%emt 0:00:30]} d5 {[%emt 0:01:00]} 2. c4 {[%emt 0:00:00]} c6 {[%emt 0:00:30]} 3. Nf3 {[%emt 0:00:00]} Nf6 {[%emt 0:00:00]} 4. Nbd2 {[%emt 0:01:30]} Bf5 {[%emt 0:01:00]} 5. Nh4 {[%emt 0:00:30]} Bg6 {[%emt 0:00:30]} 6. Qb3 {[%emt 0:00:30]} Qc7 {[%emt 0:00:30]} 7. g3 {[%emt 0:00:30]} e6 {[%emt 0:01:30]} 8. Bg2 {[%emt 0:01:30]} Be7 {[%emt 0:01:30]} 9. Nxg6 {[%emt 0:01:30]} hxg6 {[%emt 0:00:30]} 10. e4 {[%emt 0:00:30]} dxe4 {[%emt 0:03:30]} 11. Nxe4 {[%emt 0:00:30]} Ng4 {[%emt 0:02:30]} 12. h3 {[%emt 0:03:30]} Nf6 {[%emt 0:01:30]} 13. Bf4 {[%emt 0:03:30]} Qb6 {[%emt 0:01:30]} 14. O-O-O {[%emt 0:05:30]} Nbd7 {[%emt 0:00:30]} 15. Nd6+ {[%emt 0:05:30]} Bxd6 {[%emt 0:00:30]} 16. Bxd6 {[%emt 0:00:00]} Qxb3 {[%emt 0:03:30]} 17. axb3 {[%emt 0:00:00]} O-O-O {[%emt 0:01:30]} 18. d5 {[%emt 0:08:30]} exd5 {[%emt 0:04:30]} 19. cxd5 {[%emt 0:02:30]} cxd5 {[%emt 0:00:00]} 20. Rd2 {[%emt 0:00:30]} Nb8 {[%emt 0:05:00]} 21. Be7 {[%emt 0:05:30]} Rd7 {[%emt 0:02:30]} 22. Bxf6 {[%emt 0:02:30]} gxf6 {[%emt 0:00:30]} 23. Rxd5 {[%emt 0:01:30]} Rhd8 {[%emt 0:05:30]} 24. Rhd1 {[%emt 0:01:30]} Nc6 {[%emt 0:02:30]} 25. Rxd7 {[%emt 0:05:30]} Rxd7 {[%emt 0:00:00]} 26. Bxc6 {[%emt 0:00:30]} bxc6 {[%emt 0:01:00]} 27. Rd2 {[%emt 0:01:30]} Kc7 {[%emt 0:01:30]} 28. Rxd7+ {[%emt 0:09:30]} Kxd7 {[%emt 0:00:30]} 29. Kd2 {[%emt 0:00:00]} Kd6 {[%emt 0:00:30]} 30. h4 {[%emt 0:03:00]} Kd5 {[%emt 0:03:30]} 31. Kd3 {[%emt 0:00:30]} Ke5 {[%emt 0:03:30]} 32. f3 {[%emt 0:02:30]} Kd5 {[%emt 0:00:30]} 33. g4 {[%emt 0:01:30]} Ke5 {[%emt 0:00:30]} 34. Kc4 {[%emt 0:14:39]} Kf4 {[%emt 0:01:30]} 35. Kc5 {[%emt 0:01:07]} f5 {[%emt 0:01:30]} 36. h5 {[%emt 0:01:04]} fxg4 {[%emt 0:01:30]} 37. h6 {[%emt 0:02:49]} g3 {[%emt 0:01:30]} 38. h7 {[%emt 0:00:23]} g2 {[%emt 0:00:00]} 39. h8=Q {[%emt 0:00:28]} g1=Q+ {[%emt 0:00:00]} 40. Kxc6 {[%emt 0:00:29]} Qb6+ {[%emt 0:00:30]} 41. Kd7 {[%emt 0:00:56]} Qe6+ {[%emt 0:01:30]} 42. Kd8 {[%emt 0:02:33]} Kxf3 {[%emt 0:07:30]} 43. Qh1+ {[%emt 0:01:52]} Kf4 {[%emt 0:00:30]} 44. Qf1+ {[%emt 0:02:04]} Ke5 {[%emt 0:01:30]} 45. Qe1+ {[%emt 0:01:25]} Kd6 {[%emt 0:00:30]} 46. Qb4+ {[%emt 0:00:30]} Kc6 {[%emt 0:00:30]} 47. Qc3+ {[%emt 0:00:44]} Kd5 {[%emt 0:03:30]} 48. Qc4+ {[%emt 0:00:54]} Ke5 {[%emt 0:00:30]} 49. Qc3+ {[%emt 0:00:25]} Kf5 {[%emt 0:00:30]} 50. Qc5+ {[%emt 0:01:29]} Kf6 {[%emt 0:00:30]} 51. Qxa7 {[%emt 0:00:54]} Qd6+ {[%emt 0:01:30]} 52. Kc8 {[%emt 0:00:48]} Qe6+ {[%emt 0:00:30]} 53. Qd7 {[%emt 0:01:13]} Qxb3 {[%emt 0:01:30]} 54. Qd4+ {[%emt 0:00:13]} Kg5 {[%emt 0:01:30]} 55. Qd2+ {[%emt 0:00:38]} Kg4 {[%emt 0:00:30]} 56. Qg2+ {[%emt 0:01:06]} Kf4 {[%emt 0:00:30]} 57. Qf2+ {[%emt 0:01:18]} Ke4 {[%emt 0:00:30]} 58. Qe2+ {[%emt 0:01:01]} Kd4 {[%emt 0:00:30]} 59. Qd2+ {[%emt 0:00:34]} Kc5 {[%emt 0:01:30]} 60. Qg5+ {[%emt 0:00:53]} Kc6 {[%emt 0:00:30]} 61. Qc1+ {[%emt 0:00:27]} Kb5 {[%emt 0:04:30]} 62. Qg5+ {[%emt 0:00:48]} Kb4 {[%emt 0:01:30]} 63. Qe7+ {[%emt 0:00:33]} Ka5 {[%emt 0:03:30]} 64. Qa7+ {[%emt 0:00:31]} Kb5 {[%emt 0:00:30]} 65. Qb7+ {[%emt 0:00:34]} Ka4 {[%emt 0:00:30]} 66. Qa7+ {[%emt 0:00:17]} Kb4 {[%emt 0:00:30]} 67. Qb7+ {[%emt 0:00:09]} 1/2-1/2

[Event "2nd Turkish League 2017"]
[Site "Konya"]
[Date "2017.07.20"]
[Round "5"]
[White "Demir, Aleyna"]
[Black "Hafizoglu, Bengi"]
[Result "1/2-1/2"]
[WhiteElo "1439"]
[BlackElo "1415"]
[Annotator "NA"]
[PlyCount "112"]
[EventType "team-tourn"]
[EventCountry "TUR"]
[SourceTitle "playchess.com"]
[Source "ChessBase"]
[SourceQuality "1"]
[TimeControl "5400+30"]

1. d4 {[%emt 0:00:30]} d5 {[%emt 0:01:00]} 2. c4 {[%emt 0:00:30]} c6 {[%emt 0:00:00]} 3. Nc3 {[%emt 0:00:30]} Nf6 {[%emt 0:00:00]} 4. e3 {[%emt 0:01:30]} Bf5 {[%emt 0:01:30]} 5. Qb3 {[%emt 0:06:30]} Qd7 {[%emt 0:05:30]} 6. Nf3 {[%emt 0:00:30]} e6 {[%emt 0:01:30]} 7. Be2 {[%emt 0:08:30]} Be7 {[%emt 0:02:30]} 8. O-O {[%emt 0:00:00]} O-O {[%emt 0:00:00]} 9. cxd5 {[%emt 0:05:00]} exd5 {[%emt 0:01:00]} 10. Ne5 {[%emt 0:02:30]} Qc7 {[%emt 0:02:30]} 11. Bd3 {[%emt 0:04:30]} Bxd3 {[%emt 0:01:30]} 12. Nxd3 {[%emt 0:00:30]} Nbd7 {[%emt 0:07:30]} 13. Re1 {[%emt 0:06:30]} Bd6 {[%emt 0:02:30]} 14. g3 {[%emt 0:01:30]} Rfe8 {[%emt 0:02:30]} 15. Bd2 {[%emt 0:01:30]} Nb6 {[%emt 0:09:30]} 16. Qc2 {[%emt 0:02:30]} Nc4 {[%emt 0:04:30]} 17. b3 {[%emt 0:04:30]} Nxd2 {[%emt 0:02:30]} 18. Qxd2 {[%emt 0:00:30]} Qe7 {[%emt 0:04:30]} 19. Re2 {[%emt 0:06:30]} a5 {[%emt 0:06:30]} 20. Qc2 {[%emt 0:16:30]} Ne4 {[%emt 0:05:30]} 21. Nxe4 {[%emt 0:04:30]} Qxe4 {[%emt 0:02:30]} 22. Ne1 {[%emt 0:03:30]} Qe6 {[%emt 0:04:30]} 23. Ng2 {[%emt 0:04:15]} Qg4 {[%emt 0:01:30]} 24. Rae1 {[%emt 0:04:55]} Bb4 {[%emt 0:03:30]} 25. Rf1 {[%emt 0:00:13]} Qf3 {[%emt 0:05:30]} 26. Nh4 {[%emt 0:01:40]} Qh5 {[%emt 0:04:48]} 27. Ng2 {[%emt 0:00:34]} Bd6 {[%emt 0:00:48]} 28. Qd1 {[%emt 0:03:04]} Re6 {[%emt 0:01:44]} 29. f4 {[%emt 0:01:16]} Re4 {[%emt 0:05:55]} 30. Ref2 {[%emt 0:02:36]} Qxd1 {[%emt 0:01:10]} 31. Rxd1 {[%emt 0:00:30]} a4 {[%emt 0:00:05]} 32. bxa4 {[%emt 0:00:25]} Rxa4 {[%emt 0:00:41]} 33. Rb1 {[%emt 0:00:20]} Re7 {[%emt 0:00:21]} 34. Rfb2 {[%emt 0:01:19]} b5 {[%emt 0:01:53]} 35. Rc1 {[%emt 0:01:11]} Rc7 {[%emt 0:01:23]} 36. Rbc2 {[%emt 0:00:31]} Ra6 {[%emt 0:01:02]} 37. Nh4 {[%emt 0:01:00]} g6 {[%emt 0:00:27]} 38. Kf2 {[%emt 0:00:45]} Ba3 {[%emt 0:00:42]} 39. Rb1 {[%emt 0:00:15]} Rca7 {[%emt 0:00:13]} 40. Kf3 {[%emt 0:01:01]} Be7 {[%emt 0:00:58]} 41. Ng2 {[%emt 0:01:09]} b4 {[%emt 0:02:13]} 42. Rbb2 {[%emt 0:01:15]} Rb6 {[%emt 0:00:38]} 43. Ne1 {[%emt 0:00:58]} Ra3 {[%emt 0:00:41]} 44. Rc1 {[%emt 0:00:39]} Rba6 {[%emt 0:01:34]} 45. Ra1 {[%emt 0:00:25]} b3 {[%emt 0:00:27]} 46. Nd3 {[%emt 0:00:59]} Rxa2 {[%emt 0:01:45]} 47. Rab1 {[%emt 0:00:15]} Rxb2 {[%emt 0:02:02]} 48. Rxb2 {[%emt 0:00:06]} Ra2 {[%emt 0:01:32]} 49. Rxb3 {[%emt 0:00:07]} Rxh2 {[%emt 0:00:38]} 50. Rb8+ {[%emt 0:00:30]} Kg7 {[%emt 0:00:30]} 51. Rc8 {[%emt 0:00:00]} Rc2 {[%emt 0:00:12]} 52. Ne5 {[%emt 0:00:26]} c5 {[%emt 0:00:47]} 53. Rc7 {[%emt 0:00:53]} Bd6 {[%emt 0:01:18]} 54. Rxf7+ {[%emt 0:00:30]} Kg8 {[%emt 0:00:00]} 55. Rd7 {[%emt 0:00:00]} Bxe5 {[%emt 0:00:44]} 56. dxe5 {[%emt 0:00:06]} Rd2 {[%emt 0:00:13]} 1/2-1/2

[Event "2nd Turkish League 2017"]
[Site "Konya"]
[Date "2017.07.20"]
[Round "6"]
[White "Rasulov, Vugar"]
[Black "Yagiz, Yasin Emrah"]
[Result "1-0"]
[WhiteElo "2517"]
[BlackElo "2172"]
[Annotator "TA"]
[PlyCount "121"]
[EventType "team-tourn"]
[EventCountry "TUR"]
[SourceTitle "playchess.com"]
[Source "ChessBase"]
[SourceQuality "1"]

{[%evp 18,121,39,20,33,12,83,84,100,107,100,96,91,75,71,61,76,75,88,43,54,45,68,39,39,66,116,110,111,130,150,135,183,189,218,223,256,160,173,160,218,218,218,218,218,218,218,220,221,214,219,209,220,222,245,235,299,242,178,181,485,300,398,406,344,288,347,314,322,306,272,139,127,126,115,119,232,225,228,231,413,0,0,0,0,0,8,0,0,0,201,73,157,63,5054,4954,29979,29980,29980,29981,29988,29989,29995,29996,29997,29996]} 1. e4 e5 2. Nf3 Nc6 3. Bb5 a6 4. Ba4 d6 5. c3 Bd7 6. d4 Nge7 7. O-O Ng6 8. Be3 Be7 9. Nbd2 O-O 10. Re1 b5 {C75: Ruy Lopez: Deferred Steinitz: 5 c3 Bd7 6 d4 without ...g6} (10... Kh8 11. Bc2 Bf6 12. Rc1 Qe7 13. h3 Rae8 14. a3 a5 15. d5 Nd8 16. b4 axb4 17. cxb4 c6 18. dxc6 bxc6 {1-0 (36) Hansen,E (2616)-Vavulin,M (2604) Jurmala 2017}) 11. Bc2 Nh4 (11... exd4 $11 12. Nxd4 Bg5) 12. d5 $146 ({Predecessor:} 12. Nxh4 Bxh4 13. Nf3 Bf6 14. Qd2 Re8 15. Rad1 Bg4 16. h3 Bh5 17. g4 Bg6 {½-½ (41) Uppstroem,L-Kinnmark,O corr 1962}) 12... Na5 {White is better.} 13. Nxh4 Bxh4 14. b4 Nb7 15. Nf3 Bf6 16. a4 c5 17. axb5 axb5 18. Bd3 c4 19. Bc2 Bg4 20. Qe2 Qc7 21. h3 {[%cal Bh2h3,Bh3h4,Bh4h5][%mdl 32]} Bxf3 22. Qxf3 Rfc8 23. g3 Qd8 24. h4 Qd7 25. Reb1 Bd8 26. Bd1 Be7 27. Be2 g6 28. h5 Kg7 (28... Nd8 $16 29. Kg2 Rcb8) 29. Qg4 $18 ({But not} 29. hxg6 $6 fxg6 30. Qg4 (30. Rxa8 Rxa8 31. Qg4 Qe8 $14) 30... Qe8) 29... f5 30. Qh3 g5 31. exf5 Kh6 32. Bf3 Bf6 33. Be4 Nd8 34. Qf1 Nf7 35. Rb2 Qb7 36. Ra5 Bd8 37. Rxa8 Rxa8 38. f6 Qd7 $2 (38... Bxf6 {is more resistant.} 39. Qh3 Qc8 40. Qxc8 Rxc8) 39. Qb1 Nh8 40. Bxh7 Bxf6 41. Be4 Ra3 42. Ra2 Rxa2 43. Qxa2 Qg4 44. Bg2 ({White should play} 44. Bc2 $18 Qe2 45. Qb1) 44... Qd1+ $16 45. Bf1 {And now Qa8 would win.} Qxd5 46. Qa6 Kxh5 {[#]} (46... e4 $16 {is a better defense.}) 47. Bg2 $1 $18 {[%cal Rg2d5]} e4 48. Qc8 Bxc3 $2 (48... Kg6 49. Qe8+ Kg7) 49. Qh3+ $2 (49. Qe8+ $18 Qf7 50. Qxb5 (50. Qxe4 Ng6 $16)) 49... Kg6 $11 {White must now prevent ...Qf5.} 50. Qg4 $36 {[%mdl 2048] White is more active.} Qe5 {Strongly threatening ...d5.} 51. Bxe4+ Kf6 52. Qh5 Nf7 53. Bg6 g4 $2 (53... Nh8 $1 $11 {and Black has nothing to worry.} 54. Be8 Kg7) 54. Qxg4 (54. Bxf7 $18 {and the rest is easy.} Qxh5 55. Bxh5) 54... Ng5 {[#]} ({Black should try} 54... Qd5) 55. Bc2 (55. Bh5 $1 $16 {Threatens to win with Qd7.} Qf5 56. Bxg5+ Qxg5 57. Qf3+ Ke7 58. Qb7+ Kd8 59. Qb8+ Kd7 60. Be8+ Ke7 61. Bxb5) 55... d5 $2 {[%mdl 8192]} (55... Nf7 $14) 56. Qh4 $18 d4 57. Qh6+ {White mates.} Kf7 58. Bg6+ Ke6 59. Bxg5 Bxb4 60. Be8+ Kf5 61. Qg6+ {Precision: White = 63%, Black = 35%.} 1-0

[Event "2nd Turkish League 2017"]
[Site "Konya"]
[Date "2017.07.20"]
[Round "6"]
[White "Mammadov, Zaur"]
[Black "Rzayev, Bahruz"]
[Result "1/2-1/2"]
[WhiteElo "2420"]
[BlackElo "2386"]
[Annotator "TA"]
[PlyCount "62"]
[EventType "team-tourn"]
[EventCountry "TUR"]
[SourceTitle "playchess.com"]
[Source "ChessBase"]
[SourceQuality "1"]

{[%evp 20,62,27,-4,23,17,24,0,-10,0,0,-10,-19,-78,-64,-69,0,0,6,6,10,8,10,12,8,8,5,-43,16,16,16,10,13,14,29,10,8,5,26,0,0,0,0,0,21]} 1. d4 d5 2. Nf3 Nf6 3. c4 e6 4. g3 dxc4 5. Bg2 c5 6. O-O Nc6 7. Qa4 Bd7 8. Qxc4 b5 9. Qd3 c4 10. Qd1 Rc8 11. b3 {LiveBook: 10 Games. E04: Open Catalan: 5 Nf3} Bd6 $146 ({Predecessor:} 11... Be7 12. a4 Na5 13. bxc4 bxc4 14. Ne5 Nd5 15. e4 Nb4 16. Nc3 Nb3 17. Rb1 {½-½ (17) Ragger,M (2688)-Maze,S (2575) Helsingor 2015}) 12. bxc4 bxc4 13. Na3 {White has an edge.} Na5 14. Ne5 O-O 15. e4 Be8 16. Qe2 (16. Rb1 $11) 16... Ba4 $17 17. Nc2 Bxe5 (17... c3 $15) 18. dxe5 $11 Qd3 19. Qxd3 cxd3 20. Nb4 $1 Ng4 {[#] Threatens to win with ...Rcd8.} 21. Nxd3 Bb5 22. Rd1 Rfd8 23. Bd2 Rxd3 ({Better is} 23... Nc6 $15 24. Nc1 Nd4) 24. Bxa5 {Rdc1 is the strong threat.} Rxd1+ 25. Rxd1 Nxe5 26. f4 Nc4 27. Rd8+ Rxd8 28. Bxd8 Ne3 29. e5 Nxg2 {The position is equal.} 30. Kxg2 h5 31. Kf3 g6 {Precision: White = 42%, Black = 54%.} 1/2-1/2

[Event "2nd Turkish League 2017"]
[Site "Konya"]
[Date "2017.07.20"]
[Round "6"]
[White "Morchiashvili, Bachana"]
[Black "Arman, Deniz"]
[Result "1-0"]
[WhiteElo "2395"]
[BlackElo "2273"]
[Annotator "ChessBase"]
[PlyCount "107"]
[EventType "team-tourn"]
[EventCountry "TUR"]
[SourceTitle "playchess.com"]
[Source "ChessBase"]
[SourceQuality "1"]
[TimeControl "5400+30"]

1. Nf3 {[%emt 0:00:30]} Nf6 {[%emt 0:05:00]} 2. c4 {[%emt 0:00:00]} g6 {[%emt 0:00:30]} 3. Nc3 {[%emt 0:00:00]} d5 {[%emt 0:00:00]} 4. d4 {[%emt 0:00:30]} Bg7 {[%emt 0:01:00]} 5. Bg5 {[%emt 0:00:30]} Ne4 {[%emt 0:00:30]} 6. Bh4 {[%emt 0:00:30]} Nxc3 {[%emt 0:00:30]} 7. bxc3 {[%emt 0:00:00]} c5 {[%emt 0:02:30]} 8. e3 {[%emt 0:01:00]} Nc6 {[%emt 0:00:00]} 9. cxd5 {[%emt 0:00:30]} Qxd5 {[%emt 0:00:00]} 10. Be2 {[%emt 0:00:00]} cxd4 {[%emt 0:03:30]} 11. cxd4 {[%emt 0:01:00]} O-O {[%emt 0:29:30]} 12. O-O {[%emt 0:00:00]} e5 {[%emt 0:17:30]} 13. dxe5 {[%emt 0:00:00]} Qxd1 {[%emt 0:00:00]} 14. Rfxd1 {[%emt 0:00:30]} Nxe5 {[%emt 0:00:00]} 15. Nd4 {[%emt 0:00:30]} Bd7 {[%emt 0:00:30]} 16. Rab1 {[%emt 0:04:30]} b6 {[%emt 0:06:30]} 17. f4 {[%emt 0:01:30]} Ng4 {[%emt 0:00:30]} 18. e4 {[%emt 0:01:30]} Ne3 {[%emt 0:04:30]} 19. Rd3 {[%emt 0:00:30]} Nc4 {[%emt 0:15:03]} 20. e5 {[%emt 0:14:30]} Rac8 {[%emt 0:01:21]} 21. Rb4 {[%emt 0:04:30]} Na5 {[%emt 0:07:15]} 22. Rd1 {[%emt 0:07:30]} Nc6 {[%emt 0:01:02]} 23. Nxc6 {[%emt 0:00:30]} Bxc6 {[%emt 0:00:10]} 24. Ba6 {[%emt 0:00:30]} Rb8 {[%emt 0:02:30]} 25. Be7 {[%emt 0:06:30]} Rfe8 {[%emt 0:00:30]} 26. Bd6 {[%emt 0:00:30]} Bf8 {[%emt 0:02:36]} 27. Rc4 {[%emt 0:00:30]} Bxd6 {[%emt 0:00:34]} 28. exd6 {[%emt 0:00:30]} Bd7 {[%emt 0:00:33]} 29. Rc7 {[%emt 0:00:30]} Red8 {[%emt 0:00:16]} 30. Rxa7 {[%emt 0:00:30]} Be6 {[%emt 0:00:34]} 31. Bb5 {[%emt 0:03:30]} Ra8 {[%emt 0:00:33]} 32. Rxa8 {[%emt 0:00:30]} Rxa8 {[%emt 0:00:00]} 33. a4 {[%emt 0:00:30]} Rd8 {[%emt 0:00:30]} 34. d7 {[%emt 0:01:30]} Kf8 {[%emt 0:01:05]} 35. Rd6 {[%emt 0:00:30]} Ke7 {[%emt 0:00:30]} 36. Rxb6 {[%emt 0:00:00]} Ra8 {[%emt 0:00:22]} 37. Rb7 {[%emt 0:02:00]} Kd8 {[%emt 0:00:06]} 38. Bc6 {[%emt 0:01:30]} Ke7 {[%emt 0:00:26]} 39. Kf2 {[%emt 0:04:30]} Kd6 {[%emt 0:00:28]} 40. Bb5 {[%emt 0:00:30]} Bd5 {[%emt 0:00:09]} 41. Ra7 {[%emt 0:00:30]} Rd8 {[%emt 0:01:07]} 42. g3 {[%emt 0:00:30]} Be6 {[%emt 0:00:43]} 43. Ke3 {[%emt 0:00:30]} Kc5 {[%emt 0:00:24]} 44. Rb7 {[%emt 0:01:30]} f6 {[%emt 0:00:16]} 45. Rc7+ {[%emt 0:01:30]} Kd6 {[%emt 0:00:13]} 46. Rc3 {[%emt 0:02:30]} Ra8 {[%emt 0:01:12]} 47. Rc6+ {[%emt 0:00:30]} Ke7 {[%emt 0:00:40]} 48. Kd4 {[%emt 0:00:30]} Rb8 {[%emt 0:00:13]} 49. Kc5 {[%emt 0:00:30]} Bh3 {[%emt 0:00:37]} 50. Rc7 {[%emt 0:01:30]} Rd8 {[%emt 0:00:30]} 51. a5 {[%emt 0:00:30]} Ra8 {[%emt 0:00:16]} 52. a6 {[%emt 0:00:00]} Kd8 {[%emt 0:00:12]} 53. Kb6 {[%emt 0:01:00]} Bg2 {[%emt 0:01:00]} 54. a7 {[%emt 0:00:00]} 1-0

[Event "2nd Turkish League 2017"]
[Site "Konya"]
[Date "2017.07.20"]
[Round "6"]
[White "Aytekin, Murat Eren"]
[Black "Ozcan, Ilker"]
[Result "1-0"]
[WhiteElo "2201"]
[BlackElo "1565"]
[Annotator "NA"]
[PlyCount "75"]
[EventType "team-tourn"]
[EventCountry "TUR"]
[SourceTitle "playchess.com"]
[Source "ChessBase"]
[SourceQuality "1"]
[TimeControl "5400+30"]

1. d4 {[%emt 0:00:30]} Nf6 {[%emt 0:01:00]} 2. c4 {[%emt 0:00:00]} e6 {[%emt 0:00:00]} 3. Nf3 {[%emt 0:00:00]} b6 {[%emt 0:01:00]} 4. g3 {[%emt 0:00:30]} Bb7 {[%emt 0:00:30]} 5. Bg2 {[%emt 0:00:00]} Bb4+ {[%emt 0:00:00]} 6. Bd2 {[%emt 0:00:00]} Bxd2+ {[%emt 0:00:00]} 7. Qxd2 {[%emt 0:00:30]} O-O {[%emt 0:01:30]} 8. O-O {[%emt 0:00:30]} c5 {[%emt 0:00:30]} 9. Nc3 {[%emt 0:04:30]} cxd4 {[%emt 0:03:30]} 10. Qxd4 {[%emt 0:01:30]} Nc6 {[%emt 0:00:30]} 11. Qd6 {[%emt 0:00:30]} Na5 {[%emt 0:06:30]} 12. b3 {[%emt 0:01:30]} Qb8 {[%emt 0:00:30]} 13. Rfd1 {[%emt 0:01:30]} Bc6 {[%emt 0:03:30]} 14. Qd4 {[%emt 0:03:30]} d5 {[%emt 0:03:30]} 15. Ne5 {[%emt 0:02:30]} Bb7 {[%emt 0:06:30]} 16. cxd5 {[%emt 0:01:30]} exd5 {[%emt 0:02:30]} 17. Nxd5 {[%emt 0:01:30]} Qd6 {[%emt 0:02:30]} 18. b4 {[%emt 0:02:30]} Bxd5 {[%emt 0:39:30]} 19. bxa5 {[%emt 0:00:30]} Rad8 {[%emt 0:01:30]} 20. e4 {[%emt 0:00:30]} Rfe8 {[%emt 0:01:30]} 21. f4 {[%emt 0:01:30]} Nd7 {[%emt 0:02:30]} 22. Nxd7 {[%emt 0:00:30]} Qxd7 {[%emt 0:00:30]} 23. exd5 {[%emt 0:03:30]} Qd6 {[%emt 0:01:30]} 24. axb6 {[%emt 0:00:30]} axb6 {[%emt 0:00:00]} 25. Re1 {[%emt 0:01:30]} Rxe1+ {[%emt 0:00:00]} 26. Rxe1 {[%emt 0:00:00]} h6 {[%emt 0:00:30]} 27. h3 {[%emt 0:00:00]} b5 {[%emt 0:00:30]} 28. Kh2 {[%emt 0:00:30]} b4 {[%emt 0:00:30]} 29. Rc1 {[%emt 0:00:30]} Qa6 {[%emt 0:00:30]} 30. Qxb4 {[%emt 0:00:30]} Qxa2 {[%emt 0:00:00]} 31. d6 {[%emt 0:00:30]} Qe6 {[%emt 0:01:00]} 32. Rd1 {[%emt 0:00:30]} g6 {[%emt 0:00:00]} 33. Rd2 {[%emt 0:00:30]} Kg7 {[%emt 0:00:00]} 34. Qd4+ {[%emt 0:00:30]} f6 {[%emt 0:00:30]} 35. Bc6 {[%emt 0:00:30]} h5 {[%emt 0:00:30]} 36. Bb5 {[%emt 0:00:30]} Kh6 {[%emt 0:02:30]} 37. d7 {[%emt 0:00:30]} Qf5 {[%emt 0:00:30]} 38. Qb6 {[%emt 0:00:30]} 1-0

[Event "2nd Turkish League 2017"]
[Site "Konya"]
[Date "2017.07.20"]
[Round "6"]
[White "Ataman, Alper Efe"]
[Black "Ozturk, Emir"]
[Result "1-0"]
[WhiteElo "2175"]
[BlackElo "2202"]
[Annotator "NA"]
[PlyCount "136"]
[EventType "team-tourn"]
[EventCountry "TUR"]
[SourceTitle "playchess.com"]
[Source "ChessBase"]
[SourceQuality "1"]
[TimeControl "5400+30"]

1. d4 {[%emt 0:00:30]} Nf6 {[%emt 0:01:00]} 2. c4 {[%emt 0:00:30]} e6 {[%emt 0:00:00]} 3. Nf3 {[%emt 0:00:30]} b6 {[%emt 0:01:00]} 4. a3 {[%emt 0:00:30]} Bb7 {[%emt 0:00:00]} 5. Nc3 {[%emt 0:00:30]} d5 {[%emt 0:00:00]} 6. cxd5 {[%emt 0:01:30]} Nxd5 {[%emt 0:00:30]} 7. Qc2 {[%emt 0:01:30]} Nxc3 {[%emt 0:01:30]} 8. bxc3 {[%emt 0:00:00]} Be7 {[%emt 0:00:00]} 9. e4 {[%emt 0:00:00]} O-O {[%emt 0:01:00]} 10. Bd3 {[%emt 0:00:30]} c5 {[%emt 0:00:30]} 11. O-O {[%emt 0:01:30]} Qc7 {[%emt 0:00:30]} 12. Qe2 {[%emt 0:01:30]} Nd7 {[%emt 0:02:30] LiveBook: 205 Games} 13. Bb2 {[%emt 0:02:30]} Rfd8 {[%emt 0:12:30]} 14. Rad1 {[%emt 0:08:30] E12: Queen's Indian: Unusual White 4th moves, 4 a3, 4 Nc3 Bb7 5 a3 and 4 Nc3 Bb7} (14. Nd2 Ne5 15. Bb1 Nc6 16. Nf3 Bf6 17. Rd1 Rd7 18. Ba2 Na5 19. g3 Rad8 20. Rd2 Qc8 21. Rad1 Ba6 {1-0 (56) Wang,H (2735)-Leko,P (2730) Beijing 2013}) 14... Nf8 {[%emt 0:01:30]} 15. Rfe1 $146 {[%emt 0:04:30]} ({Predecessor:} 15. Ne5 Bd6 16. f4 Ng6 17. g3 Nxe5 18. fxe5 Bf8 19. Rf4 Rd7 20. Rdf1 a6 21. h4 b5 {0-1 (66) Weetik,V (2449)-Aivazian,G (2223) Taganrog 2016}) 15... Ng6 {[%emt 0:09:30]} 16. g3 {[%emt 0:05:30]} Bf6 {[%emt 0:04:30]} 17. h4 {[%emt 0:04:30]} Nf8 {[%emt 0:01:30]} 18. Qe3 {[%emt 0:12:30]} Rac8 {[%emt 0:02:30]} 19. h5 {[%emt 0:01:30]} h6 {[%emt 0:01:30]} 20. Nh2 {[%emt 0:03:30]} cxd4 {[%emt 0:10:30]} 21. cxd4 {[%emt 0:01:30]} Qd7 {[%emt 0:00:30]} 22. Qe2 {[%emt 0:13:30]} Qa4 {[%emt 0:06:30]} 23. Nf3 {[%emt 0:00:30]} (23. Ng4 $5 {[%cal Rg4f6]} Bg5 24. Ne3 $11) 23... Nh7 {[%emt 0:04:30]} 24. Rc1 {[%emt 0:09:30]} Ng5 {[%emt 0:02:30]} 25. Nxg5 {[%emt 0:02:30]} Bxg5 {[%emt 0:00:30]} 26. Rc2 {[%emt 0:02:30]} Rxc2 {[%emt 0:03:30]} 27. Bxc2 {[%emt 0:02:02]} Qa5 {[%emt 0:03:30]} 28. Rd1 {[%emt 0:01:20]} Bf6 {[%emt 0:01:30]} 29. Bb3 {[%emt 0:01:19]} Ba6 {[%emt 0:02:30]} 30. Qf3 {[%emt 0:00:58]} Qb5 {[%emt 0:01:30]} 31. e5 {[%emt 0:03:24] [#]} (31. Rd2 $11) 31... Bg5 {[%emt 0:02:30]} (31... Bb7 $1 $17 {[%mdl 512]} 32. d5 (32. Qxb7 Qxb3) 32... Be7) 32. a4 {[%emt 0:04:45]} (32. d5 $5 {[%cal Rd5e6]} Bb7 33. Qd3 (33. a4 Qb4 $17) 33... Qxd3 34. Rxd3 Bxd5 35. Bxd5 Rxd5 36. Rxd5 exd5 37. f4 $17) 32... Qe2 {[%emt 0:03:30]} 33. Qxe2 {[%emt 0:00:30]} Bxe2 {[%emt 0:00:30]} 34. Re1 {[%emt 0:00:12]} Bxh5 {[%emt 0:03:20]} 35. f4 {[%emt 0:00:07]} Be7 {[%emt 0:00:02]} 36. Rc1 {[%emt 0:00:04]} Rd7 {[%emt 0:00:40]} 37. Rc8+ {[%emt 0:01:28]} Kh7 {[%emt 0:00:36]} 38. Kf2 {[%emt 0:00:30]} Bg4 {[%emt 0:04:43]} 39. d5 {[%emt 0:02:42]} (39. Bc4 $11 {keeps the balance.}) 39... Bc5+ {[%emt 0:05:04]} (39... exd5 $17 40. Bd4 Bf5) 40. Kg2 {[%emt 0:00:23]} Bf5 {[%emt 0:04:29]} 41. d6 {[%emt 0:00:17]} Be4+ {[%emt 0:00:41]} 42. Kf1 {[%emt 0:00:22]} Bd3+ {[%emt 0:00:34]} 43. Ke1 {[%emt 0:00:34]} g5 {[%emt 0:00:32]} 44. Kd2 {[%emt 0:01:22]} Ba6 {[%emt 0:00:43]} 45. Bc2+ {[%emt 0:01:41]} Kg7 {[%emt 0:00:02]} 46. Re8 {[%emt 0:00:54]} gxf4 {[%emt 0:01:37]} 47. gxf4 $18 {[%emt 0:00:02]} f6 {[%emt 0:03:24]} 48. exf6+ {[%emt 0:01:44]} Kf7 {[%emt 0:00:30]} 49. Re7+ {[%emt 0:00:30]} Rxe7 {[%emt 0:00:30]} 50. dxe7 {[%emt 0:00:00]} Bxe7 {[%emt 0:00:01]} 51. fxe7 {[%emt 0:00:00]} Kxe7 {[%emt 0:00:00]} 52. Be5 {[%emt 0:00:04]} Bb7 {[%emt 0:00:22]} 53. Bd1 {[%emt 0:00:41]} Bc6 {[%emt 0:00:46]} 54. Kc3 {[%emt 0:01:14]} Be8 {[%emt 0:00:34]} 55. Kb3 {[%emt 0:01:09]} h5 {[%emt 0:00:21]} 56. Bf3 {[%emt 0:00:26]} h4 {[%emt 0:00:37]} 57. Bb8 {[%emt 0:01:03]} a5 {[%emt 0:00:12]} 58. Bc7 {[%emt 0:00:44]} b5 {[%emt 0:00:30]} 59. axb5 {[%emt 0:00:30]} Bxb5 {[%emt 0:00:00]} 60. Bxa5 {[%emt 0:00:42]} h3 {[%emt 0:00:58]} 61. Bb6 {[%emt 0:02:04]} Kf6 {[%emt 0:02:14]} 62. Be4 {[%emt 0:02:26]} h2 {[%emt 0:00:25]} 63. Bd4+ {[%emt 0:00:49]} Ke7 {[%emt 0:00:13]} 64. Bf2 {[%emt 0:00:00]} Bd3 {[%emt 0:01:10]} 65. Bh1 {[%emt 0:00:32]} Kf6 {[%emt 0:00:56]} 66. Bg3 {[%emt 0:00:14]} Kf5 {[%emt 0:00:24]} 67. Bxh2 {[%emt 0:00:30]} Kg4 {[%emt 0:00:30]} 68. Kc3 {[%emt 0:00:00]} Bf1 {[%emt 0:00:50]} 1-0